000
00316nam a22001337a 4500
020
_a
978-0-7432-7239-1
082
_a
823
_b
DON/T
100
_a
DONE, PHILLIP
245
_a
32 THIRD GRADERS AND ONE CLASS BUNNY
260
_a
NEW YORK
_b
TOUCHSTONE
_c
2005
300
_a
288
650
_a
NOVEL
_z
UNITED STATES
942
_c
BK
999
_c
3028
_d
3028